Príručka kvality v práci inštitúcie ďalšieho vzdelávania

Podrobná bibliografia
Hlavný autor: Poisel, Karel (Autor)
Médium: Článok
Jazyk:slovenčina
ISBN:8080680884
Predmet:

MARC

LEADER 00000nab a2200000 a 4500
001 vtls010355980
003 SK-MaSNL
005 20260304224700.0
008 120509c2002 xo r m 000 00slo
015 |a SNBRA2012/05SVKPO 
038 |a SVKPO 
040 |a SVKPOCL  |b slo  |c SVKPOCL  |e AACR2 
041 0 |a slo  |b eng 
044 |a xo  |c SK 
080 |a 374.7:061.2:303.442  |2 2001 
080 |a 371.14  |2 2001 
080 |a 061.2:374.7:303.442  |2 2001 
080 |a 005.336.3  |2 2001 
100 1 |a Poisel, Karel  |4 aut  |9 1451809 
245 1 0 |a Príručka kvality v práci inštitúcie ďalšieho vzdelávania  |c Karel Poisel 
504 |a Bibliogr. odkazy 
546 |a Abstr. a res. slov., angl. 
650 0 7 |a vzdelávanie dospelých  |2 svkpocl  |9 4999 
650 0 7 |a inštitúcie ďalšieho vzdelávania  |2 svkpocl  |9 1560089 
650 0 7 |a vzdelávacie aktivity  |2 svkpocl  |9 1027747 
650 0 7 |a vzdelávací štandard  |2 svkpocl  |9 1107922 
650 0 7 |a kvalita  |2 svkpocl  |9 1150 
650 0 7 |a kvalita práce  |2 svkpocl  |9 417592 
773 0 |t Kvalita života a ľudské práva v kontextoch sociálnej práce a vzdelávania dospelých : zborník príspevkov z vedeckej konferencie s medzinárodnou účasťou, 2. a 3. apríla 2001 v Prešove / [vedeckí garanti konferencie: Jozef Kredátus, Anna Tokárová] /d Prešov : Filozofická fakulta Prešovskej univerzity, 2002  |g S. [498]-507  |z 8080680884 
852 |a SVKPO  |b KIS3GCP 
958 |a SK 
958 |a NB 
999 |c 3173689  |d 3175619